[Event "Russian Rapid Championship (m)"]
[Site "Sochi"]
[Date "2022.10.15"]
[Round "3.1"]
[White "Shubin, Kirill"]
[Black "Artemiev, Vladislav"]
[Result "0-1"]
[BlackElo "2710"]
[WhiteElo "2426"]
[LiveChessVersion "1.4.8"]

1. e4 {[%clk 0:15:16]} e5 {[%clk 0:15:17]} 2. Nf3 {[%clk 0:15:24]} Nc6
{[%clk 0:15:25]} 3. Bb5 {[%clk 0:15:33]} Nf6 {[%clk 0:15:33]} 4. O-O
{[%clk 0:15:26]} Nxe4 {[%clk 0:15:40]} 5. Re1 {[%clk 0:15:28]} Nd6
{[%clk 0:15:48]} 6. Nxe5 {[%clk 0:15:35]} Be7 {[%clk 0:15:53]} 7. Bf1
{[%clk 0:15:42]} Nxe5 {[%clk 0:15:50]} 8. Rxe5 {[%clk 0:15:49]} O-O
{[%clk 0:15:57]} 9. d4 {[%clk 0:15:48]} Ne8 {[%clk 0:16:04]} 10. Re1
{[%clk 0:15:14]} d5 {[%clk 0:16:09]} 11. Bf4 {[%clk 0:15:02]} Bd6
{[%clk 0:15:13]} 12. Bxd6 {[%clk 0:14:13]} Nxd6 {[%clk 0:15:16]} 13. Bd3
{[%clk 0:13:48]} Qf6 {[%clk 0:08:57]} 14. Qh5 {[%clk 0:13:45]} Bf5
{[%clk 0:08:48]} 15. Bxf5 {[%clk 0:13:42]} Nxf5 {[%clk 0:07:58]} 16. c3
{[%clk 0:13:33]} Rfe8 {[%clk 0:07:01]} 17. Nd2 {[%clk 0:13:14]} g6
{[%clk 0:06:32]} 18. Qf3 {[%clk 0:13:00]} Qg5 {[%clk 0:06:18]} 19. Nf1
{[%clk 0:13:03]} c6 {[%clk 0:06:24]} 20. Ne3 {[%clk 0:10:28]} Nd6
{[%clk 0:05:45]} 21. Qg3 {[%clk 0:09:38]} Qxg3 {[%clk 0:05:51]} 22. hxg3
{[%clk 0:09:46]} h5 {[%clk 0:05:08]} 23. f3 {[%clk 0:08:54]} Kg7 {[%clk 0:03:16]}
24. Kf2 {[%clk 0:08:59]} a5 {[%clk 0:03:02]} 25. a4 {[%clk 0:08:36]} Re6
{[%clk 0:01:54]} 26. Nc2 {[%clk 0:07:33]} Kf6 {[%clk 0:01:43]} 27. Rxe6+
{[%clk 0:07:24]} fxe6 {[%clk 0:01:18]} 28. Ne1 {[%clk 0:07:29]} e5
{[%clk 0:01:26]} 29. dxe5+ {[%clk 0:07:34]} Kxe5 {[%clk 0:01:35]} 30. Nd3+
{[%clk 0:07:42]} Kf6 {[%clk 0:01:44]} 31. Re1 {[%clk 0:07:21]} Re8
{[%clk 0:01:45]} 32. Rxe8 {[%clk 0:07:03]} Nxe8 {[%clk 0:01:54]} 33. Nc5
{[%clk 0:06:37]} b5 {[%clk 0:00:36]} 34. Nb7 {[%clk 0:05:41]} bxa4
{[%clk 0:00:38]} 35. Ke3 {[%clk 0:05:18]} Nc7 {[%clk 0:00:21]} 36. Nxa5
{[%clk 0:05:09]} c5 {[%clk 0:00:30]} 37. Nc6 {[%clk 0:04:32]} Nb5
{[%clk 0:00:29]} 38. f4 {[%clk 0:03:46]} Nxc3 {[%clk 0:00:23]} 39. Kd3
{[%clk 0:03:17]} Nd1 {[%clk 0:00:24]} 40. Kc2 {[%clk 0:03:17]} Ne3+
{[%clk 0:00:33]} 41. Kd3 {[%clk 0:03:26]} Nc4 {[%clk 0:00:34]} 42. Kc3
{[%clk 0:03:30]} Ne3 {[%clk 0:00:13]} 43. Ne5 {[%clk 0:03:19]} Kf5
{[%clk 0:00:19]} 44. Nd7 {[%clk 0:03:21]} c4 {[%clk 0:00:28]} 45. Nc5
{[%clk 0:03:24]} Nxg2 {[%clk 0:00:25]} 46. Kd4 {[%clk 0:03:26]} Nxf4
{[%clk 0:00:23]} 47. Nxa4 {[%clk 0:03:18]} Ne2+ {[%clk 0:00:22]} 48. Kxd5
{[%clk 0:03:27]} Nxg3 {[%clk 0:00:31]} 49. Kxc4 {[%clk 0:03:35]} h4
{[%clk 0:00:40]} 50. Nc5 {[%clk 0:03:28]} h3 {[%clk 0:00:47]} 51. Nd3
{[%clk 0:03:37]} Ne4 {[%clk 0:00:52]} 0-1

[Event "Russian Rapid Championship (m)"]
[Site "Sochi"]
[Date "2022.10.15"]
[Round "3.2"]
[White "Tomashevsky, Evgeny"]
[Black "Zablotsky, Sergei"]
[Result "1/2-1/2"]
[BlackElo "2465"]
[WhiteElo "2631"]
[LiveChessVersion "1.4.8"]

1. d4 {[%clk 0:15:18]} d6 {[%clk 0:14:45]} 2. e4 {[%clk 0:15:24]} Nf6
{[%clk 0:14:51]} 3. Nc3 {[%clk 0:15:32]} e5 {[%clk 0:14:59]} 4. Nf3
{[%clk 0:14:59]} Nbd7 {[%clk 0:15:06]} 5. Bc4 {[%clk 0:14:34]} Be7
{[%clk 0:15:13]} 6. O-O {[%clk 0:14:41]} O-O {[%clk 0:15:21]} 7. Re1
{[%clk 0:14:50]} c6 {[%clk 0:15:30]} 8. a4 {[%clk 0:14:58]} exd4 {[%clk 0:15:38]}
9. Qxd4 {[%clk 0:14:38]} Ne5 {[%clk 0:15:29]} 10. Nxe5 {[%clk 0:13:26]} dxe5
{[%clk 0:15:35]} 11. Qxd8 {[%clk 0:13:35]} Rxd8 {[%clk 0:15:38]} 12. a5
{[%clk 0:13:44]} Kf8 {[%clk 0:13:58]} 13. f3 {[%clk 0:10:40]} Bc5+
{[%clk 0:14:04]} 14. Be3 {[%clk 0:10:49]} Bxe3+ {[%clk 0:14:08]} 15. Rxe3
{[%clk 0:10:58]} Ke7 {[%clk 0:14:16]} 16. Kf1 {[%clk 0:10:43]} Ne8
{[%clk 0:14:08]} 17. Ke2 {[%clk 0:10:20]} Nc7 {[%clk 0:13:28]} 18. g3
{[%clk 0:09:58]} Be6 {[%clk 0:13:30]} 19. Bd3 {[%clk 0:10:07]} b5
{[%clk 0:13:27]} 20. axb6 {[%clk 0:09:46]} axb6 {[%clk 0:13:35]} 21. Rxa8
{[%clk 0:09:55]} Rxa8 {[%clk 0:13:44]} 22. Kd2 {[%clk 0:10:04]} b5
{[%clk 0:12:50]} 23. Ke1 1/2-1/2

[Event "Russian Rapid Championship (m)"]
[Site "Sochi"]
[Date "2022.10.15"]
[Round "3.3"]
[White "Klukin, Kirill"]
[Black "Grachev, Boris"]
[Result "0-1"]
[BlackElo "2612"]
[WhiteElo "2374"]
[LiveChessVersion "1.4.8"]

1. d4 {[%clk 0:15:17]} d5 {[%clk 0:15:09]} 2. c4 {[%clk 0:15:25]} e6
{[%clk 0:15:17]} 3. Nc3 {[%clk 0:15:33]} a6 {[%clk 0:15:24]} 4. cxd5
{[%clk 0:15:40]} exd5 {[%clk 0:15:33]} 5. Bf4 {[%clk 0:15:47]} Nf6
{[%clk 0:15:27]} 6. e3 {[%clk 0:15:50]} Bd6 {[%clk 0:15:31]} 7. Bd3
{[%clk 0:15:14]} O-O {[%clk 0:15:16]} 8. Nge2 {[%clk 0:15:07]} c6
{[%clk 0:14:06]} 9. Qc2 {[%clk 0:15:14]} Re8 {[%clk 0:13:58]} 10. h3
{[%clk 0:15:04]} a5 {[%clk 0:13:55]} 11. g4 {[%clk 0:13:22]} Na6 {[%clk 0:13:03]}
12. a3 {[%clk 0:13:29]} g6 {[%clk 0:13:02]} 13. Kf1 {[%clk 0:11:25]} Nc7
{[%clk 0:13:03]} 14. Ng3 {[%clk 0:10:11]} Bxf4 {[%clk 0:10:48]} 15. exf4
{[%clk 0:10:20]} Ne6 {[%clk 0:10:49]} 16. Nce2 {[%clk 0:10:07]} Ne4
{[%clk 0:09:56]} 17. Bxe4 {[%clk 0:09:12]} dxe4 {[%clk 0:10:04]} 18. Rd1
{[%clk 0:08:43]} b6 {[%clk 0:10:11]} 19. f5 {[%clk 0:05:43]} Ng5 {[%clk 0:09:18]}
20. Kg2 {[%clk 0:04:37]} Ba6 {[%clk 0:08:08]} 21. Nf4 {[%clk 0:03:31]} Qd6
{[%clk 0:03:52]} 22. Qc1 {[%clk 0:03:40]} e3 {[%clk 0:03:27]} 23. fxe3
{[%clk 0:03:48]} Ne4 {[%clk 0:03:36]} 24. Nxe4 {[%clk 0:03:24]} Rxe4
{[%clk 0:03:43]} 25. Qd2 {[%clk 0:02:07]} Rae8 {[%clk 0:03:44]} 26. Rde1
{[%clk 0:02:13]} Bc4 {[%clk 0:03:03]} 27. h4 {[%clk 0:01:20]} c5 {[%clk 0:02:18]}
28. d5 {[%clk 0:01:27]} Qe5 {[%clk 0:02:11]} 29. Kf2 {[%clk 0:01:11]} Rd8
{[%clk 0:01:59]} 30. Qc3 {[%clk 0:01:05]} Rxf4+ {[%clk 0:01:59]} 31. exf4
{[%clk 0:01:07]} Qxf4+ {[%clk 0:02:08]} 32. Qf3 {[%clk 0:00:26]} Qxf3+
{[%clk 0:01:54]} 33. Kxf3 {[%clk 0:00:35]} Bxd5+ {[%clk 0:02:03]} 34. Ke3
{[%clk 0:00:41]} Bxh1 {[%clk 0:02:07]} 35. Rxh1 {[%clk 0:00:51]} Rd4
{[%clk 0:02:00]} 36. f6 {[%clk 0:00:36]} Rxg4 {[%clk 0:01:36]} 37. Rd1
{[%clk 0:00:18]} Rd4 {[%clk 0:01:45]} 38. Rxd4 {[%clk 0:00:15]} cxd4+
{[%clk 0:01:54]} 39. Kxd4 {[%clk 0:00:23]} a4 {[%clk 0:01:54]} 40. Kd5
{[%clk 0:00:15]} h6 {[%clk 0:01:37]} 41. Kd6 {[%clk 0:00:20]} g5 {[%clk 0:01:40]}
42. hxg5 {[%clk 0:00:23]} hxg5 {[%clk 0:01:49]} 43. Ke5 {[%clk 0:00:32]} Kh7
{[%clk 0:01:57]} 44. Kd4 0-1

[Event "Russian Rapid Championship (m)"]
[Site "Sochi"]
[Date "2022.10.15"]
[Round "3.4"]
[White "Sjugirov, Sanan"]
[Black "Drygalov, Andrey"]
[Result "1-0"]
[BlackElo "2456"]
[WhiteElo "2609"]
[LiveChessVersion "1.4.8"]

1. e4 {[%clk 0:15:16]} c5 {[%clk 0:14:59]} 2. Nf3 {[%clk 0:15:09]} d6
{[%clk 0:15:03]} 3. d4 {[%clk 0:15:16]} cxd4 {[%clk 0:15:12]} 4. Nxd4
{[%clk 0:15:25]} Nf6 {[%clk 0:15:20]} 5. Nc3 {[%clk 0:15:33]} a6 {[%clk 0:15:29]}
6. Be3 {[%clk 0:15:40]} e5 {[%clk 0:15:36]} 7. Nf3 {[%clk 0:15:48]} Be7
{[%clk 0:15:28]} 8. Bc4 {[%clk 0:15:56]} O-O {[%clk 0:15:03]} 9. O-O
{[%clk 0:16:00]} Be6 {[%clk 0:15:07]} 10. Bb3 {[%clk 0:16:07]} b5
{[%clk 0:14:49]} 11. Nh4 {[%clk 0:13:12]} g6 {[%clk 0:14:09]} 12. Bh6
{[%clk 0:12:45]} Re8 {[%clk 0:13:38]} 13. Nf3 {[%clk 0:12:43]} Nc6
{[%clk 0:06:51]} 14. Bg5 {[%clk 0:11:14]} Na5 {[%clk 0:06:17]} 15. Bxf6
{[%clk 0:11:19]} Bxf6 {[%clk 0:06:25]} 16. Nd5 {[%clk 0:11:26]} Bg7
{[%clk 0:06:22]} 17. Qd3 {[%clk 0:11:24]} Rc8 {[%clk 0:05:59]} 18. Rfd1
{[%clk 0:11:30]} Nc4 {[%clk 0:05:29]} 19. Bxc4 {[%clk 0:11:26]} Rxc4
{[%clk 0:05:23]} 20. Ne3 {[%clk 0:11:12]} Rc6 {[%clk 0:05:27]} 21. c3
{[%clk 0:11:07]} Qb6 {[%clk 0:05:01]} 22. h3 {[%clk 0:09:43]} h6 {[%clk 0:04:51]}
23. h4 {[%clk 0:08:43]} h5 {[%clk 0:02:27]} 24. Nd5 {[%clk 0:08:13]} Bxd5
{[%clk 0:02:08]} 25. Qxd5 {[%clk 0:08:20]} Bf6 {[%clk 0:02:12]} 26. g3
{[%clk 0:08:00]} Kg7 {[%clk 0:02:20]} 27. Rd3 {[%clk 0:07:45]} Rec8
{[%clk 0:02:19]} 28. Rad1 {[%clk 0:07:25]} b4 {[%clk 0:02:17]} 29. cxb4
{[%clk 0:07:19]} Qxb4 {[%clk 0:02:26]} 30. Rb3 {[%clk 0:07:09]} Qc4
{[%clk 0:01:52]} 31. Qxc4 {[%clk 0:05:09]} Rxc4 {[%clk 0:02:00]} 32. Rxd6
{[%clk 0:05:18]} Rxe4 {[%clk 0:02:06]} 33. Rbb6 {[%clk 0:05:26]} Be7
{[%clk 0:00:51]} 34. Rd7 {[%clk 0:05:32]} Kf8 {[%clk 0:00:39]} 35. Rbb7
{[%clk 0:04:24]} Re8 {[%clk 0:00:48]} 36. Ng5 {[%clk 0:03:59]} Re2
{[%clk 0:00:20]} 37. Nh7+ {[%clk 0:03:11]} Kg7 {[%clk 0:00:29]} 38. Rxe7 Rxe7
{[%clk 0:00:38]} 39. Rxe7 {[%clk 0:03:28]} Kxh7 {[%clk 0:00:44]} 40. Rxf7+
{[%clk 0:03:37]} Kg8 {[%clk 0:00:49]} 41. Rb7 {[%clk 0:03:38]} a5
{[%clk 0:00:19]} 42. a4 {[%clk 0:03:44]} e4 {[%clk 0:00:14]} 43. Kf1
{[%clk 0:03:52]} Rc2 {[%clk 0:00:23]} 44. b3 {[%clk 0:03:13]} Rb2
{[%clk 0:00:29]} 45. Rb5 {[%clk 0:01:10]} Kf7 {[%clk 0:00:33]} 46. Rxa5
{[%clk 0:01:16]} Rxb3 {[%clk 0:00:42]} 47. Re5 {[%clk 0:01:22]} Rb4
{[%clk 0:00:43]} 48. a5 {[%clk 0:01:31]} Ra4 {[%clk 0:00:39]} 49. Ke2
{[%clk 0:01:37]} Kf6 {[%clk 0:00:23]} 50. Rb5 {[%clk 0:01:45]} Ra3
{[%clk 0:00:32]} 51. Rb6+ {[%clk 0:01:53]} Kf5 {[%clk 0:00:40]} 52. a6
{[%clk 0:01:59]} Ra2+ {[%clk 0:00:36]} 53. Ke3 {[%clk 0:02:06]} Ra4
{[%clk 0:00:20]} 54. Rc6 {[%clk 0:02:10]} Ra3+ {[%clk 0:00:28]} 55. Kd4
{[%clk 0:02:17]} Ra2 {[%clk 0:00:32]} 56. Kc3 {[%clk 0:00:52]} Rxf2
{[%clk 0:00:20]} 57. Rc5+ {[%clk 0:01:01]} Ke6 {[%clk 0:00:27]} 58. Ra5
{[%clk 0:01:09]} Rf8 {[%clk 0:00:11]} 59. a7 {[%clk 0:01:16]} Ra8
{[%clk 0:00:11]} 60. Kd4 Kd5+ 1-0

[Event "Russian Rapid Championship (m)"]
[Site "Sochi"]
[Date "2022.10.15"]
[Round "3.5"]
[White "Bryakin, Mikhail"]
[Black "Savchenko, Boris"]
[Result "1/2-1/2"]
[BlackElo "2605"]
[WhiteElo "2369"]
[LiveChessVersion "1.4.8"]

1. d4 {[%clk 0:15:18]} Nf6 {[%clk 0:15:18]} 2. Nc3 {[%clk 0:15:22]} d5
{[%clk 0:15:23]} 3. Bf4 {[%clk 0:15:30]} a6 {[%clk 0:15:32]} 4. e3
{[%clk 0:15:38]} b5 {[%clk 0:15:40]} 5. Nf3 {[%clk 0:15:38]} e6 {[%clk 0:15:42]}
6. Bd3 {[%clk 0:15:31]} Bb7 {[%clk 0:15:37]} 7. Ne5 {[%clk 0:15:26]} c5
{[%clk 0:15:43]} 8. O-O {[%clk 0:15:15]} c4 {[%clk 0:15:26]} 9. Be2
{[%clk 0:15:22]} Bd6 {[%clk 0:15:33]} 10. h3 {[%clk 0:15:09]} Nc6
{[%clk 0:14:52]} 11. Nxc6 {[%clk 0:15:08]} Bxc6 {[%clk 0:14:59]} 12. Bf3
{[%clk 0:15:03]} Be7 {[%clk 0:09:48]} 13. Re1 {[%clk 0:14:17]} b4
{[%clk 0:09:07]} 14. Ne2 {[%clk 0:14:21]} Ne4 {[%clk 0:09:04]} 15. Bh2
{[%clk 0:13:39]} Ng5 {[%clk 0:08:52]} 16. Nf4 {[%clk 0:13:24]} Nxf3+
{[%clk 0:08:14]} 17. Qxf3 {[%clk 0:13:32]} g6 {[%clk 0:08:19]} 18. b3
{[%clk 0:11:51]} Rc8 {[%clk 0:08:24]} 19. Rec1 {[%clk 0:11:40]} h5
{[%clk 0:08:19]} 20. c3 {[%clk 0:10:08]} a5 {[%clk 0:08:27]} 21. Qd1
{[%clk 0:08:25]} Ba8 {[%clk 0:07:35]} 22. Qe2 {[%clk 0:07:30]} Kf8
{[%clk 0:07:25]} 23. cxb4 {[%clk 0:06:00]} g5 {[%clk 0:06:13]} 24. Nxh5
{[%clk 0:06:07]} axb4 {[%clk 0:06:19]} 25. f4 {[%clk 0:05:33]} Bc6
{[%clk 0:04:47]} 26. Rf1 {[%clk 0:05:30]} Be8 {[%clk 0:04:20]} 27. fxg5
{[%clk 0:04:58]} Bxg5 {[%clk 0:04:27]} 28. Be5 {[%clk 0:04:43]} Rg8
{[%clk 0:03:24]} 29. Bf6 {[%clk 0:03:39]} Qc7 {[%clk 0:03:22]} 30. Be5
{[%clk 0:02:57]} Qd8 {[%clk 0:03:30]} 31. Bf6 {[%clk 0:03:05]} Qc7
{[%clk 0:03:39]} 32. Be5 {[%clk 0:02:59]} 1/2-1/2

[Event "Russian Rapid Championship (m)"]
[Site "Sochi"]
[Date "2022.10.15"]
[Round "3.6"]
[White "Tsydypov, Zhamsaran"]
[Black "Dobrov, Vladimir"]
[Result "1-0"]
[BlackElo "2450"]
[WhiteElo "2554"]
[LiveChessVersion "1.4.8"]

1. e4 e5 {[%clk 0:14:43]} 2. Nf3 {[%clk 0:15:21]} Nc6 {[%clk 0:14:50]} 3. Bc4
{[%clk 0:15:22]} Bc5 {[%clk 0:14:47]} 4. d3 {[%clk 0:15:29]} Nf6 {[%clk 0:14:48]}
5. c3 {[%clk 0:15:37]} a5 {[%clk 0:14:30]} 6. O-O {[%clk 0:15:37]} d6
{[%clk 0:13:53]} 7. Re1 {[%clk 0:15:39]} O-O {[%clk 0:13:43]} 8. Nbd2
{[%clk 0:15:47]} Ng4 {[%clk 0:12:59]} 9. Re2 {[%clk 0:15:49]} Kh8
{[%clk 0:12:53]} 10. h3 {[%clk 0:15:37]} f5 {[%clk 0:10:59]} 11. exf5
{[%clk 0:14:48]} Nxf2 {[%clk 0:10:08]} 12. Rxf2 {[%clk 0:14:55]} d5
{[%clk 0:08:00]} 13. d4 {[%clk 0:13:26]} dxc4 {[%clk 0:06:58]} 14. dxc5
{[%clk 0:11:58]} e4 {[%clk 0:07:06]} 15. Qe2 {[%clk 0:11:10]} exf3
{[%clk 0:07:13]} 16. Nxf3 {[%clk 0:11:18]} Bxf5 {[%clk 0:05:47]} 17. Qxc4
{[%clk 0:11:17]} Bd3 {[%clk 0:04:58]} 18. Qg4 {[%clk 0:11:03]} Qe7
{[%clk 0:03:41]} 19. Qg5 {[%clk 0:10:44]} Rf6 {[%clk 0:03:50]} 20. Qe3
{[%clk 0:09:33]} Qxe3 {[%clk 0:03:21]} 21. Bxe3 {[%clk 0:09:41]} Re8
{[%clk 0:03:10]} 22. Bd4 {[%clk 0:08:13]} Rfe6 {[%clk 0:00:23]} 23. Rd1
{[%clk 0:07:37]} Bg6 {[%clk 0:00:24]} 24. c4 {[%clk 0:06:41]} Nxd4
{[%clk 0:00:16]} 25. Nxd4 {[%clk 0:06:06]} Re5 {[%clk 0:00:25]} 26. c6
{[%clk 0:06:14]} bxc6 {[%clk 0:00:34]} 27. Nxc6 {[%clk 0:06:22]} Rc5
{[%clk 0:00:43]} 28. Rd8 {[%clk 0:06:31]} Rxd8 {[%clk 0:00:44]} 29. Nxd8
{[%clk 0:06:39]} h5 {[%clk 0:00:14]} 30. b3 {[%clk 0:06:40]} Re5 {[%clk 0:00:20]}
31. Nc6 {[%clk 0:06:43]} Rc5 {[%clk 0:00:27]} 32. Nd4 {[%clk 0:06:51]} Re5
{[%clk 0:00:34]} 33. Re2 {[%clk 0:06:56]} Rg5 {[%clk 0:00:18]} 34. Ne6
{[%clk 0:07:00]} Rg3 {[%clk 0:00:23]} 35. Kf2 {[%clk 0:05:46]} Rc3
{[%clk 0:00:31]} 36. Nxc7 {[%clk 0:05:50]} a4 {[%clk 0:00:38]} 37. Nb5
{[%clk 0:05:12]} Rc1 {[%clk 0:00:47]} 38. Ke3 {[%clk 0:05:15]} Rb1
{[%clk 0:00:31]} 39. bxa4 {[%clk 0:04:36]} Rb4 {[%clk 0:00:30]} 40. Kd4
{[%clk 0:04:41]} Rxa4 {[%clk 0:00:35]} 41. Nc3 {[%clk 0:04:40]} Ra8
{[%clk 0:00:44]} 42. Nd5 {[%clk 0:04:25]} Bf7 {[%clk 0:00:50]} 43. Nb6
{[%clk 0:04:21]} Rd8+ {[%clk 0:00:53]} 44. Kc5 {[%clk 0:04:29]} h4
{[%clk 0:00:39]} 45. a4 {[%clk 0:04:38]} Bh5 {[%clk 0:00:48]} 46. Re4
{[%clk 0:04:36]} g5 {[%clk 0:00:50]} 47. Re5 {[%clk 0:04:45]} 1-0

[Event "Russian Rapid Championship (m)"]
[Site "Sochi"]
[Date "2022.10.15"]
[Round "3.7"]
[White "Kabanov, Nikolai"]
[Black "Shomoev, Anton"]
[Result "0-1"]
[BlackElo "2553"]
[WhiteElo "2367"]
[LiveChessVersion "1.4.8"]

1. e4 {[%clk 0:15:17]} c5 {[%clk 0:15:18]} 2. Nf3 {[%clk 0:15:25]} d6
{[%clk 0:15:26]} 3. Bb5+ {[%clk 0:15:32]} Nd7 {[%clk 0:15:34]} 4. a4
{[%clk 0:15:40]} Ngf6 {[%clk 0:15:41]} 5. Nc3 {[%clk 0:15:47]} g6
{[%clk 0:15:41]} 6. d4 {[%clk 0:15:44]} cxd4 {[%clk 0:15:49]} 7. Qxd4
{[%clk 0:15:47]} Bg7 {[%clk 0:15:47]} 8. Bg5 {[%clk 0:15:35]} O-O
{[%clk 0:14:51]} 9. O-O {[%clk 0:15:17]} h6 {[%clk 0:14:02]} 10. Bh4
{[%clk 0:15:10]} g5 {[%clk 0:12:38]} 11. Bg3 {[%clk 0:15:17]} Nh5
{[%clk 0:12:45]} 12. Qd2 {[%clk 0:15:10]} Nc5 {[%clk 0:12:20]} 13. Nd4
{[%clk 0:15:07]} e6 {[%clk 0:09:44]} 14. Nde2 {[%clk 0:13:42]} Nxg3
{[%clk 0:09:50]} 15. hxg3 {[%clk 0:13:50]} a6 {[%clk 0:09:49]} 16. Bc4
{[%clk 0:13:55]} Qa5 {[%clk 0:08:31]} 17. Rfd1 {[%clk 0:13:23]} Qb4
{[%clk 0:08:18]} 18. b3 {[%clk 0:12:42]} Bd7 {[%clk 0:05:19]} 19. a5
{[%clk 0:12:01]} Bc6 {[%clk 0:05:03]} 20. Qe3 {[%clk 0:12:08]} Nxe4
{[%clk 0:03:08]} 21. Nxe4 {[%clk 0:11:53]} d5 {[%clk 0:03:16]} 22. c3
{[%clk 0:05:39]} Qe7 {[%clk 0:03:25]} 23. Bd3 {[%clk 0:05:44]} dxe4
{[%clk 0:03:34]} 24. Bxe4 {[%clk 0:05:52]} Bxe4 {[%clk 0:03:34]} 25. Qxe4
{[%clk 0:06:00]} Rad8 {[%clk 0:03:43]} 26. g4 {[%clk 0:05:28]} Qc7
{[%clk 0:03:50]} 27. b4 {[%clk 0:05:19]} Rd7 {[%clk 0:03:46]} 28. Rxd7
{[%clk 0:04:09]} Qxd7 {[%clk 0:03:54]} 29. Rc1 {[%clk 0:03:57]} Rd8
{[%clk 0:03:42]} 30. Ng3 {[%clk 0:03:41]} Rc8 {[%clk 0:01:49]} 31. c4
{[%clk 0:03:37]} Qd2 {[%clk 0:01:56]} 32. Rb1 {[%clk 0:03:31]} Rc7
{[%clk 0:01:06]} 33. c5 {[%clk 0:03:19]} Rd7 {[%clk 0:00:49]} 34. Qf3
{[%clk 0:03:19]} Qc2 {[%clk 0:00:42]} 35. Re1 {[%clk 0:02:52]} Bc3
{[%clk 0:00:41]} 36. Re4 {[%clk 0:02:41]} Qd1+ {[%clk 0:00:46]} 37. Kh2
{[%clk 0:02:46]} Qxf3 {[%clk 0:00:54]} 38. gxf3 {[%clk 0:02:55]} Rd2
{[%clk 0:00:33]} 39. Ne2 {[%clk 0:03:00]} Bf6 {[%clk 0:00:33]} 40. Kg2
{[%clk 0:03:02]} Rb2 {[%clk 0:00:40]} 41. f4 {[%clk 0:02:57]} Kf8
{[%clk 0:00:45]} 42. f5 {[%clk 0:02:53]} exf5 {[%clk 0:00:50]} 43. gxf5
{[%clk 0:03:02]} h5 {[%clk 0:00:56]} 44. Ng3 {[%clk 0:02:55]} Bc3
{[%clk 0:00:59]} 45. Nxh5 {[%clk 0:02:58]} Rxb4 {[%clk 0:01:04]} 46. Nf6
{[%clk 0:02:12]} Rxe4 {[%clk 0:00:55]} 47. Nxe4 {[%clk 0:02:21]} Bxa5
{[%clk 0:01:04]} 48. Nd6 {[%clk 0:02:30]} Bc7 {[%clk 0:00:46]} 49. Nxb7
{[%clk 0:02:37]} Ke7 {[%clk 0:00:55]} 50. c6 {[%clk 0:02:37]} a5 {[%clk 0:00:28]}
51. Kf3 {[%clk 0:02:44]} a4 {[%clk 0:00:37]} 52. Nc5 {[%clk 0:02:22]} a3
{[%clk 0:00:46]} 53. Kg4 {[%clk 0:02:03]} a2 {[%clk 0:00:48]} 54. Nb3
{[%clk 0:02:12]} f6 {[%clk 0:00:49]} 55. Kh5 {[%clk 0:02:20]} Be5
{[%clk 0:00:53]} 0-1

[Event "Russian Rapid Championship (m)"]
[Site "Sochi"]
[Date "2022.10.15"]
[Round "3.8"]
[White "Chigaev, Maksim"]
[Black "Zakhartsov, Vladimir"]
[Result "1/2-1/2"]
[BlackElo "2435"]
[WhiteElo "2540"]
[LiveChessVersion "1.4.8"]

1. e4 {[%clk 0:15:07]} c5 {[%clk 0:15:18]} 2. c3 {[%clk 0:15:11]} Nf6
{[%clk 0:15:12]} 3. e5 {[%clk 0:15:19]} Nd5 {[%clk 0:15:21]} 4. Bc4
{[%clk 0:15:28]} Nb6 {[%clk 0:15:26]} 5. Bb3 {[%clk 0:15:36]} Nc6
{[%clk 0:15:27]} 6. Nf3 {[%clk 0:15:43]} d6 {[%clk 0:15:19]} 7. exd6
{[%clk 0:15:51]} Qxd6 {[%clk 0:14:44]} 8. O-O {[%clk 0:15:56]} Bf5
{[%clk 0:14:37]} 9. d4 {[%clk 0:14:05]} cxd4 {[%clk 0:14:37]} 10. Na3
{[%clk 0:14:03]} a6 {[%clk 0:13:00]} 11. cxd4 {[%clk 0:08:19]} e6
{[%clk 0:13:09]} 12. Nh4 {[%clk 0:04:55]} Bg6 {[%clk 0:12:35]} 13. Be3
{[%clk 0:03:57]} Be7 {[%clk 0:12:41]} 14. Nxg6 {[%clk 0:03:51]} hxg6
{[%clk 0:12:49]} 15. g3 {[%clk 0:03:59]} Rd8 {[%clk 0:12:51]} 16. Qf3
{[%clk 0:04:04]} Bf6 {[%clk 0:12:03]} 17. Rad1 {[%clk 0:03:47]} Rd7
{[%clk 0:11:12]} 18. d5 {[%clk 0:03:02]} Ne5 {[%clk 0:09:58]} 19. Qe2
{[%clk 0:02:50]} Nxd5 {[%clk 0:09:40]} 20. Bxd5 {[%clk 0:02:29]} exd5
{[%clk 0:09:48]} 21. f4 {[%clk 0:01:38]} Nc6 {[%clk 0:09:56]} 22. Bc5+
{[%clk 0:01:39]} Qe6 {[%clk 0:10:05]} 23. Qf2 {[%clk 0:01:48]} Be7
{[%clk 0:09:53]} 24. Rfe1 {[%clk 0:01:45]} Qf5 {[%clk 0:09:27]} 25. Bxe7
{[%clk 0:01:43]} Rxe7 {[%clk 0:07:38]} 26. Rxe7+ {[%clk 0:01:18]} Nxe7
{[%clk 0:07:47]} 27. Re1 {[%clk 0:01:22]} Qd7 {[%clk 0:07:39]} 28. Qc5
{[%clk 0:01:30]} f6 {[%clk 0:07:36]} 29. Nc2 {[%clk 0:00:44]} Kf7
{[%clk 0:07:44]} 30. a3 {[%clk 0:00:18]} Rd8 {[%clk 0:07:12]} 31. Nd4
{[%clk 0:00:18]} Nc6 {[%clk 0:06:30]} 32. Nxc6 {[%clk 0:00:14]} bxc6
{[%clk 0:06:39]} 33. Rc1 {[%clk 0:00:23]} Rc8 {[%clk 0:06:35]} 34. Qb6
{[%clk 0:00:31]} Qe6 {[%clk 0:05:52]} 35. Kf2 {[%clk 0:00:40]} Re8
{[%clk 0:05:02]} 36. Qxc6 {[%clk 0:00:17]} Qe3+ {[%clk 0:04:02]} 37. Kg2
{[%clk 0:00:26]} Qd2+ {[%clk 0:04:02]} 38. Kh1 {[%clk 0:00:13]} Re6
{[%clk 0:02:28]} 39. Qb7+ {[%clk 0:00:20]} Re7 {[%clk 0:02:19]} 40. Rc7
{[%clk 0:00:29]} Qe1+ {[%clk 0:01:04]} 41. Kg2 {[%clk 0:00:37]} Qe2+
{[%clk 0:01:11]} 42. Kg1 {[%clk 0:00:46]} Qe3+ {[%clk 0:00:40]} 43. Kg2
{[%clk 0:00:52]} Qe4+ {[%clk 0:00:46]} 44. Kf2 {[%clk 0:00:43]} Qe1+
{[%clk 0:00:37]} 45. Kg2 {[%clk 0:00:50]} Qe2+ {[%clk 0:00:41]} 46. Kg1
{[%clk 0:00:58]} Qd1+ {[%clk 0:00:26]} 47. Kf2 {[%clk 0:00:55]} Qd4+
{[%clk 0:00:35]} 48. Kg2 {[%clk 0:00:51]} 1/2-1/2